[Event "15th TCh-Eur Senior"]
[Site "Dresden GER"]
[Date "2013.07.26"]
[Round "7"]
[White "Isserman,R"]
[Black "Mishuchkov,N"]
[Result "1/2-1/2"]
[WhiteElo "2331"]
[BlackElo "2359"]

1.e4 c5 2.Nf3 e6 3.d4 cxd4 4.Nxd4 Nc6 5.Nc3 Qc7 6.g3 a6 7.Bg2 Nf6 8.O-O d6
9.Re1 Nd7 10.Nxc6 bxc6 11.a4 Be7 12.Be3 O-O 13.a5 Bb7 14.Qe2 c5 15.f4 Rfe8
16.Nd1 d5 17.Bd2 dxe4 18.Bxe4 Nf6 19.Bxb7 Qxb7 20.c4 Nd7 21.Bc3 Bf6 22.Qg2 Qxg2+
23.Kxg2 Rab8 24.Bxf6 Nxf6 25.Re2 Kf8 26.Ra3 Rb4 27.Rd3 Rxc4 28.Rd6 Rd4 29.Rxd4 cxd4
30.Rd2 Rd8 31.Nc3 Nd5 32.Ne2 Ne3+ 33.Kf3 Nc4 34.Rxd4 Rxd4 35.Nxd4 Nxa5 36.b4 Nb7
37.Nc6 Ke8 38.Ke3 Kd7 39.Nb8+ Kc7 40.Nxa6+ Kb6 41.Nb8 Kb5 42.Kd4 Kxb4 43.Na6+ Kb5
44.Nc7+ Kc6 45.Ne8 g6 46.Ke5 Kd7 47.Nf6+ Ke7 48.g4 Nd6 49.Ng8+ Kf8 50.Kxd6 Kxg8
51.g5  1/2-1/2

[Event "31st Andorra Open"]
[Site "La Massana AND"]
[Date "2013.07.26"]
[Round "7.2"]
[White "Cabrera,Ale"]
[Black "Vazquez Igarza,R"]
[Result "0-1"]
[WhiteElo "2525"]
[BlackElo "2571"]

1.e4 c5 2.Nf3 e6 3.d4 cxd4 4.Nxd4 Nc6 5.Nc3 Qc7 6.Be3 a6 7.Qd2 Nf6 8.O-O-O Bb4
9.f3 O-O 10.g4 b5 11.g5 Nh5 12.Nxc6 Qxc6 13.Be2 Ba5 14.a3 b4 15.axb4 Bxb4
16.f4 Bxc3 17.bxc3 g6 18.Qd4 Bb7 19.Bf3 d6 20.Bxh5 gxh5 21.Qf6 e5 22.Rhg1 Qxe4
23.Rd3 Bc8 24.Qxd6 Bf5 25.Qxe5 Qxe5 26.fxe5 a5 27.Rd4 a4 28.Rb4 Rfc8 29.Kd2 Be6
30.Ra1 a3 31.Bd4 Ra6 32.Rb3 a2 33.Rb4 h6 34.gxh6 Kh7 35.Kc1 Rg8 36.Kb2 Rg2
37.Rb6 Rxb6+ 38.Bxb6 Rxh2 39.c4 Bxc4 40.Be3 Be6 41.Bf4 Rg2 42.Rh1 h4 43.Ka1 Rxc2
44.Rg1 h3 45.Rg7+ Kh8 46.Rg1 Re2 47.Bg3 Kh7 48.Bf4 Rf2 49.Bg3 Rg2 50.Bh2 Rxg1+
51.Bxg1 Kxh6  0-1

[Event "III Brazil Maringa Open"]
[Site "Maringa BRA"]
[Date "2013.07.26"]
[Round "4.11"]
[White "Souza,R"]
[Black "Supi,L"]
[Result "1/2-1/2"]
[WhiteElo "2144"]
[BlackElo "2327"]

1.e4 c5 2.Nf3 e6 3.Nc3 Nc6 4.d4 cxd4 5.Nxd4 Qc7 6.a3 a6 7.Be2 Nf6 8.Be3 Be7
9.O-O O-O 10.f4 d6 11.Kh1 Nxd4 12.Bxd4 e5 13.Be3 b5 14.Bd3 Bb7 15.Qf3 Rae8
16.Rae1 Qc8 17.fxe5 dxe5 18.Qg3 Qg4 19.Qxg4 Nxg4 20.Bb6 Bh4 21.g3 Bd8 22.Bc5 Be7
23.Bxe7 Rxe7 24.Nd5 Rd7 25.h3 Bxd5 26.exd5 Nf6  1/2-1/2

[Event "III Brazil Maringa Open"]
[Site "Maringa BRA"]
[Date "2013.07.26"]
[Round "5.6"]
[White "Proudian,Armen"]
[Black "Broday,Geovani Allan"]
[Result "1/2-1/2"]
[WhiteElo "2286"]
[BlackElo "2097"]

1.e4 c5 2.Nf3 e6 3.d4 cxd4 4.Nxd4 Nc6 5.Nc3 Qc7 6.Be3 a6 7.Qd2 Nf6 8.O-O-O Be7
9.f3 O-O 10.g4 b5 11.g5 Nh5 12.Nce2 Rd8 13.Ng3 Nxd4 14.Qxd4 Nf4 15.h4 Bb7
16.Kb1 Rac8 17.c3 Bc5 18.Bxf4 Qxf4 19.Qxg7+ Kxg7 20.Nh5+ Kf8 21.Nxf4 d5 22.Bd3 d4
23.cxd4 Bxd4 24.Bc2 Ke7 25.Nd5+ exd5 26.Rxd4 dxe4 27.Rxd8 Rxd8 28.Re1 f5
29.gxf6+ Kxf6 30.Bxe4 Bxe4+ 31.Rxe4 Rc8 32.b3 a5 33.Kb2 Rc7 34.a4 bxa4 35.Rxa4 Rc5
36.Rf4+ Ke6 37.Ka3 Rc1 38.Ka4 Ra1+ 39.Kb5 Ra3 40.Kc4 Ra1 41.Re4+ Kd6 42.Kc3 Rf1
43.f4 Rh1 44.f5 Rf1 45.Re6+ Kd7 46.Rh6 Rxf5 47.Rxh7+ Kc6 48.h5 Kc5 49.h6 Rf3+
50.Kb2 Rh3 51.Ka3 Kb5 52.Rh8 Kb6 53.Kb2 Kb7 54.Kc2 Ka7 55.h7 Kb7 56.Kd2 Ka7
57.Ke2 Kb7 58.Kf2 Ka7 59.Kg2 Rh6 60.Kf3 Kb7 61.Kg4 Rh1 62.Kf4 Rh5 63.Ke4 Ka7
64.Kd4 Kb7 65.Kc3 Rh4 66.Kd3 Ka7 67.Ke3 Kb7 68.Kf3 Ka7 69.Kg3 Rh1 70.Kg4 Kb7
71.Kg5 Rg1+ 72.Kf6 Rf1+ 73.Ke6 Re1+ 74.Kd6 Rh1 75.Kc5 Rh5+ 76.Kc4 Ka7 77.Rd8 Rxh7
78.Kb5 Rb7+ 79.Ka4 Rb4+ 80.Ka3 Rb5  1/2-1/2

[Event "Yinzhou Cup CHN-USA Rapid"]
[Site "Ningbo CHN"]
[Date "2013.07.26"]
[Round "6.2"]
[White "Lu Shanglei"]
[Black "Shankland,S"]
[Result "0-1"]
[WhiteElo "2536"]
[BlackElo "2599"]

1.e4 c5 2.Nf3 e6 3.d4 cxd4 4.Nxd4 Nc6 5.Nc3 Qc7 6.g3 a6 7.Bg2 d6 8.O-O Bd7
9.Re1 Be7 10.Nxc6 Bxc6 11.Qg4 h5 12.Qe2 Rc8 13.a4 Nf6 14.h3 Nd7 15.Nd5 Bxd5
16.exd5 e5 17.Be3 g6 18.a5 f5 19.Rec1 O-O 20.c4 e4 21.Bf4 Bf6 22.Ra3 Be5
23.b4 h4 24.Qd2 hxg3 25.Rxg3 Kf7 26.c5 Bxf4 27.Qxf4 Nf6 28.Qh6 Rg8 29.Bf1 Qe7
30.cxd6 Qf8 31.Qxf8+ Rgxf8 32.Rc7+ Rxc7 33.dxc7 Ke7 34.Rxg6 Nxd5 35.Rb6 Nxb6
36.axb6 Kd7 37.b5 a5  0-1

[Event "12th World U16 Ol"]
[Site "Chongqing CHN"]
[Date "2013.07.27"]
[Round "7"]
[White "Das,Say"]
[Black "Korpa,B"]
[Result "1/2-1/2"]
[WhiteElo "2368"]
[BlackElo "2308"]

1.e4 c5 2.Nf3 e6 3.d4 cxd4 4.Nxd4 Nc6 5.Nc3 Qc7 6.Be3 a6 7.Qd2 Nf6 8.O-O-O Be7
9.f3 O-O 10.g4 b5 11.g5 Nh5 12.Kb1 Rd8 13.Nce2 e5 14.Nf5 d5 15.Nxe7+ Nxe7
16.Ng3 Nf4 17.Bxf4 exf4 18.Nh5 Bg4 19.fxg4 dxe4 20.Qc1 Rxd1 21.Qxd1 Rd8 22.Qc1 Ng6
23.a4 Qe5 24.Be2 f3 25.Bd1 Nh4 26.Qe3 Ng2 27.Qa3 Qxg5 28.Bxf3 exf3 29.Qxf3 Ne3
30.h3 Nc4 31.Qc3 f6 32.Re1 Qc5  1/2-1/2

[Event "12th World U16 Ol"]
[Site "Chongqing CHN"]
[Date "2013.07.27"]
[Round "8"]
[White "Vavulin,M"]
[Black "Korpa,B"]
[Result "1-0"]
[WhiteElo "2356"]
[BlackElo "2308"]

1.e4 c5 2.Nf3 e6 3.d4 cxd4 4.Nxd4 Nc6 5.Nc3 Qc7 6.f4 a6 7.Nxc6 Qxc6 8.Bd3 b5
9.Qe2 Bb7 10.Bd2 Be7 11.a3 Rc8 12.O-O Nf6 13.e5 Nd5 14.Ne4 f5 15.exf6 Nxf6
16.Ng5 O-O 17.Rae1 Bc5+ 18.Kh1 Bd4 19.Bc1 Rfe8 20.c3 Ba7 21.Qc2 g6 22.Be3 Bxe3
23.Rxe3 Kg7 24.Rg3 Nh5 25.Rh3 Nf6 26.Nf3 d6 27.Nh4 Ne4 28.Re3 d5 29.Nf3 Rf8
30.Nd4 Qd6 31.Ref3 Rf6 32.Qe2 Rcf8 33.Qe3 e5 34.fxe5 Qxe5 35.Rxf6 Rxf6 36.Rxf6 Qxf6
37.Nf3 Qe7 38.Qd4+ Qf6 39.Qe3 Qe7 40.Kg1 h6 41.Kf1 Ng3+ 42.Kf2 Ne4+ 43.Ke2 Bc8
44.Qd4+ Kh7 45.Qe5 Qxe5 46.Nxe5 Kg7 47.Ke3 Kf6 48.Kd4 Bb7 49.Nd7+ Ke7 50.Nc5 Nxc5
51.Kxc5 d4 52.cxd4 Bxg2 53.Bxg6 Bf1 54.b4 Kd7 55.Kb6 Kd6 56.Kxa6 Kd5 57.Be8 Kxd4
58.Bxb5 Bg2 59.Bd7 Kc3 60.Kb5 Bf1+ 61.Kc5  1-0

[Event "Sparkassen Open A 2013"]
[Site "Dortmund GER"]
[Date "2013.07.27"]
[Round "1.17"]
[White "Agrest,I"]
[Black "Kuckling,H"]
[Result "0-1"]
[WhiteElo "2193"]
[BlackElo "1953"]

1.e4 c5 2.Nf3 e6 3.d4 cxd4 4.Nxd4 Nc6 5.Nc3 Qc7 6.Be3 a6 7.Be2 b5 8.a3 Bb7
9.O-O Rc8 10.Nb3 d6 11.f4 Nf6 12.Bf3 Be7 13.Qe1 O-O 14.Rd1 Rfd8 15.Qf2 Qb8
16.Rd2 Qa8 17.Rfd1 Nb8 18.Bb6 Re8 19.Re2 Nbd7 20.Ba5 Nc5 21.Nxc5 dxc5 22.e5 Bxf3
23.gxf3 Nh5 24.Qe3 f5 25.Red2 b4 26.Ne2 Qc6 27.axb4 cxb4 28.Bb6 Qxb6 29.Qxb6 Bc5+
30.Qxc5 Rxc5 31.Kf2 Kf7 32.h4 h6 33.c3 bxc3 34.bxc3 Re7 35.Rd8 a5 36.Ra8 Rb7
37.Ra1 Rb2 38.Ke3 g5 39.hxg5 hxg5 40.Ra3 gxf4+ 41.Nxf4 Nxf4 42.Kxf4 Rbb5
43.Kg5 Rxe5 44.Ra7+ Ke8 45.f4 Re3 46.Ra2 Rh3 47.Re2 Rb6 48.Rg2 Rd6 49.c4 Rd7
50.Ra8+ Ke7 51.Rg8 Rdd3 52.Rg1 Kd6 53.Kf6 Rh6+ 54.R1g6  0-1

[Event "Politiken Cup 2013"]
[Site "Helsingor DEN"]
[Date "2013.07.27"]
[Round "1.6"]
[White "Van Kampen,R"]
[Black "Olsen,Mi"]
[Result "1-0"]
[WhiteElo "2595"]
[BlackElo "1959"]

1.e4 c5 2.Nf3 e6 3.d4 cxd4 4.Nxd4 Nc6 5.Nc3 a6 6.Nxc6 bxc6 7.Bd3 d5 8.O-O Nf6
9.Qf3 Be7 10.Qg3 g6 11.Bh6 Nh5 12.Qf3 d4 13.Ne2 e5 14.Bc4 Nf6 15.Qb3 Bf8
16.Bxf7+ Ke7 17.Bg5 Qd6 18.f4 Bg7 19.Bc4 Kd7 20.fxe5 Qxe5 21.Bf4 Qc5 22.Rad1 Nh5
23.Be3  1-0

[Event "31st Andorra Open"]
[Site "La Massana AND"]
[Date "2013.07.27"]
[Round "8.3"]
[White "Gaudineau,E"]
[Black "Lopez Martinez,Josep"]
[Result "1-0"]
[WhiteElo "2358"]
[BlackElo "2547"]

1.e4 c5 2.Nf3 e6 3.d4 cxd4 4.Nxd4 Nc6 5.Nc3 Qc7 6.Be3 a6 7.Qd2 Nf6 8.O-O-O Be7
9.f3 b5 10.Nxc6 Qxc6 11.e5 b4 12.Ne2 Nd5 13.Bg5 Bf8 14.Nd4 Qc7 15.f4 Bb7
16.Bd3 Rc8 17.f5 Bc5 18.Nb3 Bb6 19.Qe2 a5 20.Bb5 O-O 21.f6 g6 22.h4 Bc6 23.Bd3 a4
24.h5 axb3 25.hxg6 hxg6 26.Rh7  1-0

[Event "III Brazil Maringa Open"]
[Site "Maringa BRA"]
[Date "2013.07.27"]
[Round "6.7"]
[White "Barata,A"]
[Black "Supi,L"]
[Result "0-1"]
[WhiteElo "2170"]
[BlackElo "2327"]

1.e4 c5 2.Nf3 Nc6 3.d4 cxd4 4.Nxd4 e6 5.Nc3 Qc7 6.Be2 a6 7.O-O Nf6 8.Be3 Bb4
9.Na4 Be7 10.Nxc6 bxc6 11.Nb6 Rb8 12.Nxc8 Qxc8 13.Bd4 Qc7 14.e5 Nd5 15.c4 Nf4
16.Bf3 c5 17.Bc3 O-O 18.Re1 f5 19.h4 g5 20.hxg5 Bxg5 21.g3 Ng6 22.Qd3 Rf7
23.Rad1 f4 24.Be4 Rbf8 25.g4 f3 26.Bxg6 hxg6 27.Qxg6+ Rg7 28.Qh5 Qd8 29.Re4 Rh7
30.Qg6+ Kh8  0-1

[Event "III Brazil Maringa Open"]
[Site "Maringa BRA"]
[Date "2013.07.27"]
[Round "7.7"]
[White "Supi,L"]
[Black "Broday,Geovani Allan"]
[Result "1/2-1/2"]
[WhiteElo "2327"]
[BlackElo "2097"]

1.e4 c5 2.Nf3 e6 3.d4 cxd4 4.Nxd4 Nc6 5.Nc3 Qc7 6.Nxc6 bxc6 7.Bd3 d5 8.O-O Nf6
9.Qe2 Be7 10.Bg5 Nxe4 11.Bxe7 Nxc3 12.Qg4 Kxe7 13.Qxg7 Ba6 14.Qxc3 Bxd3 15.cxd3 c5
16.Rac1 Rac8 17.f4 Qd6 18.Rce1 f6 19.Re2 Kf7 20.Qe1 Rhg8 21.Qh4 Rg7 22.Rfe1 Re8
23.Qh5+ Kf8 24.Qxe8+ Kxe8 25.Rxe6+ Re7 26.Rxe7+ Kf8 27.g3 Qa6 28.Re8+ Kf7
29.f5 Kg7 30.R1e3 d4 31.Rf3 Qxa2 32.Rf2 Qb3 33.Rd2 Kf7 34.Re1 Qd5 35.Rf2 h5
36.Ra1 Qd7 37.Ra5 Qc7 38.Ra4 Qd7 39.Rc4 Qd5 40.Rf4 Kg7 41.b4 cxb4 42.Rxb4 a5
43.Rbxd4 Qb5 44.Kg2 a4 45.Rxa4 Qxd3 46.Rad4 Qe2+ 47.Rf2 Qe1 48.Rdf4 Qd1 49.h3 Kh6
50.Kh2 Kg7 51.Rf1 Qe2+ 52.R1f2 Qd1 53.Rg2 Kh6 54.h4 Qe1 55.Rgf2 Qd1 56.Re4 Qd6
57.Re6 Qd4 58.Rfe2 Qc3 59.Rxf6+ Qxf6 60.Re6 Kg7 61.Rxf6 Kxf6 62.Kg2 Kxf5
63.Kf3 Ke5 64.Ke3 Kf5 65.Kf3 Ke5 66.Kg2 Kf5 67.Kf3 Ke5  1/2-1/2

[Event "Czech Open A 2013"]
[Site "Pardubice CZE"]
[Date "2013.07.27"]
[Round "9.15"]
[White "Kuipers,S"]
[Black "Stukopin,A"]
[Result "1/2-1/2"]
[WhiteElo "2432"]
[BlackElo "2517"]

1.e4 c5 2.Nf3 e6 3.d4 cxd4 4.Nxd4 Nc6 5.Nc3 Qc7 6.f4 a6 7.Nxc6 bxc6 8.e5 d6
9.exd6 Bxd6 10.Qg4 g6 11.Bc4 Nf6 12.Qf3 Bb7 13.Bd2 c5 14.Qf2 O-O 15.O-O-O Bd5
16.Bxd5 exd5 17.Qh4 Be7 18.f5 Ne4 19.Nxd5 Bxh4 20.Nxc7 Ra7 21.Nd5 Nf2 22.g3 Bd8
23.Bh6 Rd7 24.Ne7+ Rxe7 25.Bxf8 Re8 26.Bxc5 Bg5+ 27.Kb1 Nxd1 28.Rxd1 gxf5
29.b4 Re2 30.h4 Bf6 31.a4 Re4 32.Rd6 Bc3 33.Rxa6 Bxb4 34.Bxb4 Rxb4+ 35.Ka2 h5
36.Ka3 Rg4 37.Rf6 Rxg3+ 38.Kb4 Rg4+ 39.c4 f4 40.a5 Kg7 41.Rd6 Rxh4 42.Rd2 Rh1
43.Ra2 h4 44.a6 f3 45.Kb5 h3 46.a7 h2 47.Kc6 Rc1 48.Rxh2 Rxc4+ 49.Kb5 Rc8
50.Rh3 f5 51.Rxf3 Kf6 52.Kb6 Ke5 53.Kb7 Rf8 54.Ra3 f4 55.a8=Q Rxa8 56.Rxa8 f3
57.Kc6 Ke4 58.Re8+ Kd3 59.Kd5 f2 60.Rf8 Ke2  1/2-1/2

[Event "Sparkassen Open A 2013"]
[Site "Dortmund GER"]
[Date "2013.07.28"]
[Round "2.12"]
[White "Simanowski,Mio"]
[Black "Kozlov,Alex GER"]
[Result "1/2-1/2"]
[WhiteElo "1864"]
[BlackElo "2172"]

1.e4 c5 2.Nf3 e6 3.d4 cxd4 4.Nxd4 Nc6 5.Nc3 Qc7 6.Be2 a6 7.Be3 Nf6 8.a3 b5
9.Nxc6 dxc6 10.f4 Bb7 11.Bf3 Be7 12.O-O c5 13.e5 Rd8 14.Qe1 Nd5 15.Nxd5 Bxd5
16.Qg3 g6 17.Rad1 Bxf3 18.Rxd8+ Qxd8 19.Qxf3 O-O 20.Qc6 Qc8 21.Qxc8 Rxc8
22.Rd1 Rc7 23.Kf2 h5 24.h3 Kf8 25.g4 hxg4 26.hxg4 Ke8 27.Rh1 Kf8 28.Rh8+ Kg7
29.Ra8 Rc6 30.Ra7 Bd8 31.Rd7 Bc7 32.Kf3 Kf8 33.Bf2 Ke8 34.Rd1 g5 35.Rh1 gxf4
36.Rh8+ Kd7 37.Ke4 Bd8 38.Rh7 Ke8 39.Rh8+ Kd7 40.Rh7 Ke8 41.Rh8+  1/2-1/2

[Event "15th TCh-Eur Senior"]
[Site "Dresden GER"]
[Date "2013.07.28"]
[Round "9"]
[White "Van Herck,M"]
[Black "Gross,W"]
[Result "1/2-1/2"]
[WhiteElo "2104"]
[BlackElo "2223"]

1.e4 c5 2.Nf3 e6 3.d4 cxd4 4.Nxd4 Nc6 5.Nc3 Qc7 6.g3 g6 7.Bg2 d6 8.O-O Nf6
9.Re1 Bd7 10.Nxc6 Bxc6 11.Nd5 Bxd5 12.exd5 e5 13.Qe2  1/2-1/2

[Event "Politiken Cup 2013"]
[Site "Helsingor DEN"]
[Date "2013.07.28"]
[Round "3.47"]
[White "Rydstrom,Tom"]
[Black "Olsen,Mi"]
[Result "1-0"]
[WhiteElo "2172"]
[BlackElo "1959"]

1.e4 c5 2.Nf3 e6 3.d4 cxd4 4.Nxd4 Nc6 5.Nc3 a6 6.Nxc6 bxc6 7.Bd3 d5 8.O-O Nf6
9.Qf3 Be7 10.Qg3 O-O 11.e5 Nh5 12.Qh3 g6 13.Bh6 Ng7 14.Kh1 a5 15.Rad1 Rb8
16.b3 Rb4 17.f4 a4 18.Nxa4 Qa5 19.Nb2 c5 20.Ra1 Qa3 21.Na4 Bd7 22.c3 Rxa4
23.bxa4 Qxa4 24.Bg5 f6 25.Bh4 c4 26.Be2 Nf5 27.Bf2 Qc2 28.Bg4 Qd2 29.Bxf5 exf5
30.Qe3 Qxe3 31.Bxe3 fxe5 32.fxe5 Ra8 33.Rfb1 Kf7 34.Rb7 Ke6 35.Ra7 Rb8 36.a4 Rb3
37.Bd4 Bd8 38.a5  1-0

[Event "Maccabiah GM1 2013"]
[Site "Jerusalem ISR"]
[Date "2013.07.28"]
[Round "9.2"]
[White "Steinberg,N"]
[Black "Dvoirys,S"]
[Result "0-1"]
[WhiteElo "2416"]
[BlackElo "2538"]

1.e4 c5 2.Nf3 Nc6 3.d4 cxd4 4.Nxd4 e6 5.Nc3 a6 6.Be3 Nf6 7.Qd2 Qc7 8.O-O-O Bb4
9.f3 Ne5 10.Nb3 d5 11.Bd4 O-O 12.a3 Bd6 13.exd5 exd5 14.Qf2 Be6 15.g4 Rac8
16.Kb1 b5 17.Rg1 Nc4 18.Bd3 Be5 19.Ne2 a5 20.Qh4 g6 21.f4 Bxd4 22.Nbxd4 Ne4
23.f5 Bd7 24.Bxe4 dxe4 25.f6 Qe5 26.Ng3 Kh8 27.g5 e3 28.Nge2 b4 29.a4 Nd2+
30.Ka1 Rc4 31.Qg3 b3 32.Nxb3 Rxa4+  0-1

[Event "Karpacz Open 2013"]
[Site "Karpacz POL"]
[Date "2013.07.28"]
[Round "7.7"]
[White "Polok,K"]
[Black "Lewtak,Do"]
[Result "1/2-1/2"]
[WhiteElo "2187"]
[BlackElo "1863"]

1.e4 c5 2.Nc3 e6 3.Nf3 Nc6 4.d4 cxd4 5.Nxd4 a6 6.Be2 d6 7.O-O Nf6 8.Be3 Be7
9.a4 Qc7 10.Kh1 O-O 11.f4 Nxd4 12.Bxd4 b6 13.e5 Nd7 14.Bf3 Rb8 15.Qe2 dxe5
16.Bxe5 Bd6 17.Bxd6 Qxd6 18.Rad1 Qxf4 19.Bh5 Qe5 20.Ne4 f6 21.b4 a5 22.Nd6 Qxe2
23.Bxe2 Ne5 24.bxa5 bxa5 25.Bb5 Bb7 26.c4 Rfd8 27.Kg1 Bd5 28.c5 Nf7 29.Nxf7 Kxf7
30.Rc1 Rdc8 31.Rf2 Rc7 32.Rfc2 Ke7 33.Kf2  1/2-1/2

[Event "5th Rethymno Open"]
[Site "Rethymno GRE"]
[Date "2013.07.28"]
[Round "1.8"]
[White "Zinchenko,Ya"]
[Black "Papathanasiou,E"]
[Result "1-0"]
[WhiteElo "2536"]
[BlackElo "1881"]

1.e4 c5 2.Nf3 e6 3.d4 cxd4 4.Nxd4 Nc6 5.Nc3 Qc7 6.Be2 a6 7.O-O Nf6 8.Be3 Bb4
9.Na4 Be7 10.Nxc6 bxc6 11.Nb6 Rb8 12.Nxc8 Qxc8 13.Bd4 c5 14.Be5 d6 15.Bxd6 Rxb2
16.Bxe7 Kxe7 17.e5 Nd5 18.c4 Rxe2 19.Qxe2 Nb4 20.Qg4 Kf8 21.Rab1 Nxa2 22.Rb6 Nb4
23.Rd1 h6 24.Rbd6 Nc6 25.Rxc6 Qxc6 26.Rd8+ Ke7 27.Rxh8  1-0

[Event "VIII Vladimir Dvorkovich Open"]
[Site "Taganrog RUS"]
[Date "2013.07.28"]
[Round "7.6"]
[White "Kotenko,P"]
[Black "Pavlov,Nikolay"]
[Result "1-0"]
[WhiteElo "2367"]
[BlackElo "2127"]

1.e4 c5 2.Nf3 e6 3.d4 cxd4 4.Nxd4 Nc6 5.Nc3 Qc7 6.Be3 Nf6 7.f4 Bb4 8.Nb5 Qa5
9.e5 Nd5 10.Bd2 Nxc3 11.Nxc3 d5 12.Bd3 Bd7 13.O-O O-O 14.Kh1 Rac8 15.a3 Be7
16.Qh5 g6 17.Qh6 Qd8 18.Rae1 Na5 19.f5 exf5 20.Nxd5 Nc6 21.Nxe7+ Qxe7 22.Bg5 f6
23.exf6 Qf7 24.Bc4  1-0

[Event "Dutch Open 2013"]
[Site "Dieren NED"]
[Date "2013.07.29"]
[Round "6.7"]
[White "Pruijssers,R"]
[Black "Zwirs,Nico"]
[Result "1-0"]
[WhiteElo "2549"]
[BlackElo "2250"]

1.e4 c5 2.Nf3 e6 3.d4 cxd4 4.Nxd4 Nc6 5.Nc3 Qc7 6.Be3 a6 7.Qd2 Nf6 8.O-O-O Be7
9.f3 b5 10.g4 Nxd4 11.Qxd4 Bb7 12.Rg1 Rc8 13.Rg2 b4 14.Na4 Bc6 15.Nb6 Rb8
16.g5 Nh5 17.Rgd2 e5 18.Qc4 Rxb6 19.Rxd7 Qxd7 20.Rxd7 Bxd7 21.Bxb6 O-O 22.Qxa6 Bxg5+
23.Kb1 Bf4 24.Bc5 Rd8 25.Qb6 Rc8 26.Bxb4 Bxh2 27.a4 Bxa4 28.Qb7 Rd8 29.Bc4 Be8
30.Qe7  1-0

[Event "Politiken Cup 2013"]
[Site "Helsingor DEN"]
[Date "2013.07.29"]
[Round "4.18"]
[White "Schou Moldt,T"]
[Black "Rasmussen,A"]
[Result "0-1"]
[WhiteElo "2202"]
[BlackElo "2502"]

1.e4 c5 2.Nf3 e6 3.d4 cxd4 4.Nxd4 Nc6 5.Nc3 Qc7 6.Be2 a6 7.Be3 Nf6 8.a3 d6
9.f4 Be7 10.O-O Rb8 11.Kh1 Na5 12.e5 dxe5 13.fxe5 Nd7 14.Qe1 O-O 15.Qg3 Qxe5
16.Bf4 Qxd4 17.Rad1 Qa7 18.Bh6 g6 19.Rxd7 Bxd7 20.Qe5 f6 21.Qxa5 Rf7 22.Be3  0-1

[Event "Politiken Cup 2013"]
[Site "Helsingor DEN"]
[Date "2013.07.29"]
[Round "4.4"]
[White "Erenburg,S"]
[Black "Andersen,Mad"]
[Result "1-0"]
[WhiteElo "2615"]
[BlackElo "2477"]

1.e4 c5 2.Nf3 e6 3.d4 cxd4 4.Nxd4 Nc6 5.Nc3 Qc7 6.Be3 a6 7.Qd2 Nf6 8.O-O-O Bb4
9.f3 O-O 10.g4 b5 11.g5 Ne8 12.Nxc6 dxc6 13.Qf2 e5 14.Bc5 Bxc5 15.Qxc5 Be6
16.h4 Qa7 17.Qxe5 Qe3+ 18.Kb1 Qxf3 19.Be2 Qe3 20.Rd3 Qa7 21.g6 Qe7 22.gxh7+ Kh8
23.Qg3 b4 24.Na4 Bc4 25.Re3 Bxe2 26.Rxe2 Rd8 27.h5 f5 28.Qf3 f4 29.e5 c5
30.Re4 Rf5 31.Rhe1 Nc7 32.e6 Nb5 33.Rxf4 Nd4 34.Qg4 Rxf4 35.Qxf4 Nxe6 36.Qe5 Qf6
37.Qxf6 gxf6 38.b3 Rd6 39.Rf1 Nd4 40.Nxc5 Rc6 41.Nd7 f5 42.Ne5 Rc3 43.Nc4 Kxh7
44.Rf4 Nxc2 45.Rxf5 Ne1 46.Rf1 Nd3 47.Nd6 Kh6 48.Ne4 Rc7 49.Rd1 Nf4 50.Nf6 Rc6
51.Nd5 Rd6 52.Ne3 Rxd1+ 53.Nxd1 Kxh5 54.Nf2 Kg6 55.Kc2 Kf5 56.Nd3 Nd5 57.Nc5 Ke5
58.Kd3 Nc7 59.Kc4 Kd6 60.Ne4+ Kc6 61.Kxb4 Kb6 62.Kc4 Nb5 63.Nc3 Nd6+ 64.Kd5 Nb7
65.Ne4 Kb5 66.a3 Kb6 67.Nd6 Nd8 68.Nc4+ Kb5 69.Kd6 a5 70.Kd5 a4 71.b4 Nc6
72.Nd6+ Kb6 73.Kc4 Ne5+ 74.Kd4 Nc6+ 75.Kc3 Ne7 76.Kc4 Nc6 77.Ne4 Ne5+ 78.Kd5 Nd3
79.Nc3 Nb2 80.Kd4 Kc6 81.Nd5 Nd1 82.Nf4 Kb5 83.Ne2 Kc6 84.Kd3 Nb2+ 85.Kc3 Nd1+
86.Kd4 Nb2 87.Nc3 Kb6 88.Kd5 Nd3 89.Nxa4+ Kb5 90.Nc3+ Kb6 91.Kd4 Nb2 92.a4 Kb7
93.Kc5 Nd3+ 94.Kc4 Nb2+ 95.Kb5 Nd3 96.Ne4 Ne5 97.Kc5 Kc7 98.a5 Nd3+ 99.Kc4 Ne5+
100.Kd5 Nc6 101.Kc5 Ne5 102.b5 Kb7 103.Kd5 Ng4 104.Nc5+ Kc7 105.b6+ Kb8 106.a6  1-0

[Event "100th ch-GBR 2013"]
[Site "Torquay ENG"]
[Date "2013.07.29"]
[Round "1.39"]
[White "Weaving,Richard"]
[Black "Kirby,Pe"]
[Result "1-0"]
[WhiteElo "2196"]
[BlackElo "1982"]

1.e4 c5 2.Nf3 e6 3.Nc3 Nc6 4.d4 cxd4 5.Nxd4 Qc7 6.Be3 a6 7.Be2 Nf6 8.O-O Bb4
9.f3 O-O 10.Na4 d5 11.Nxc6 bxc6 12.Nb6 Rb8 13.Nxc8 Qxc8 14.e5 Nd7 15.f4 Bc5
16.Bxc5 Nxc5 17.b3 Qb7 18.Kh1 a5 19.a3 Ne4 20.Qe1 Qb6 21.Rf3 c5 22.Bd3 f5
23.exf6 Nxf6 24.Qh4 Rb7 25.Re1 a4 26.Rfe3 Re8 27.Qh3 axb3 28.cxb3 Ne4 29.Rxe4 dxe4
30.Bxe4 Qxb3 31.Qxh7+ Kf7 32.Qh5+ Kf8 33.Bxb7 Qxb7 34.Qxc5+ Kg8 35.Qc4 Kh8
36.h3 Qb2 37.a4 Qf2 38.Qe4 Rf8 39.Qxe6 Rxf4 40.Qe8+ Rf8 41.Qh5+ Kg8 42.Qd5+ Kh8
43.Re4 Rf4 44.Re8+ Rf8 45.Qh5+ Kg8 46.Qe2 Qf4 47.Re4 Qc1+ 48.Kh2 Qc7+ 49.g3 Qc5
50.Qc4+ Qxc4 51.Rxc4 Rf2+ 52.Kg1 Ra2 53.h4 Kf7 54.Re4 Kf6 55.g4 g6 56.Kf1 Rh2
57.Ke1 Ra2 58.Kd1 Rh2 59.Kc1 Ra2 60.Kb1 Rd2 61.a5 Rd6 62.Ra4 Ra6 63.Kc2 Ke5
64.Kc3 Kd5 65.Kb4 Kc6 66.Kc4 Kb7 67.Kb5 Re6 68.a6+ Ka7 69.Kc5 Re1 70.Kd5 Rh1
71.Ke5 Rf1 72.Rf4 Rh1 73.g5 Ra1 74.Rf7+ Ka8 75.Kf6 Rxa6+ 76.Kg7 Kb8 77.Rf6 Ra4
78.Kxg6 Rxh4 79.Kf7 Rh7+ 80.Kg8 Rh1 81.g6  1-0

[Event "Biel MTO 2013"]
[Site "Biel SUI"]
[Date "2013.07.30"]
[Round "8.17"]
[White "Pomini,Aurelien"]
[Black "Sukandar,I"]
[Result "0-1"]
[WhiteElo "2051"]
[BlackElo "2365"]

1.e4 c5 2.Nf3 e6 3.d4 cxd4 4.Nxd4 Nc6 5.Nc3 d6 6.Be2 Nf6 7.O-O Be7 8.Be3 O-O
9.f4 e5 10.fxe5 Nxe5 11.Nf5 Bxf5 12.exf5 d5 13.Bd4 Bd6 14.Bf3 Rc8 15.Bxd5 b5
16.Bb3 b4 17.Nb5 Bc5 18.Re1 Re8 19.Bxc5 Rxc5 20.Nd6 Qb6 21.Qd4 Rf8 22.Nb7 Rb5
23.Qxb6 Rxb6 24.Rxe5 Rxb7 25.Rae1 Rfb8 26.h3 Kf8 27.Ba4 Rd8 28.g4 g5 29.fxg6 hxg6
30.Kg2 Rd2+ 31.Kg3 Rc7 32.R1e2 Rd4 33.Bb3 Rcd7 34.R5e3 Rc7 35.Kg2 a5 36.Rf2 Ne4
37.Rfe2 f5 38.Be6 Nd6 39.gxf5 gxf5 40.Re5 Rg7+ 41.Kh2 f4 42.Rxa5 Re7 43.Rg5 Rg7
44.Rxg7 Kxg7 45.Kg2 Ne4 46.h4 Ng3 47.Rf2 Kf6 48.Bb3 Kf5 49.c3 bxc3 50.bxc3 Rd8
51.a4 Rc8 52.c4 Ke5 53.a5 Ne4 54.Ra2 Rg8+ 55.Kf1 f3 56.Bc2 Nd2+ 57.Ke1 Rg2
58.Bd3 f2+ 59.Kd1 Ne4 60.Bf1 Rg3 61.Ra1 Re3 62.Kc2 Re1 63.Kb2 Nd2 64.Bd3 Kd4
65.Ra3 Nxc4+ 66.Kb3 Nxa3  0-1

[Event "Politiken Cup 2013"]
[Site "Helsingor DEN"]
[Date "2013.07.30"]
[Round "5.89"]
[White "Nielsen,JeH"]
[Black "Svedberg,H"]
[Result "1/2-1/2"]
[WhiteElo "1849"]
[BlackElo "2011"]

1.Nc3 c5 2.Nf3 Nc6 3.d4 cxd4 4.Nxd4 e6 5.e4 a6 6.Be3 Qc7 7.Qd2 Nf6 8.f3 h5
9.O-O-O Bb4 10.a3 Be7 11.Be2 d6 12.f4 Bd7 13.Bf3 Nxd4 14.Bxd4 e5 15.Be3 Bc6
16.Nd5 Bxd5 17.exd5 e4 18.Be2 O-O 19.Kb1 b5 20.Rc1 Qb7 21.Rhd1 Rac8 22.Qd4 Rfe8
23.Qa7 Qxa7 24.Bxa7 g6 25.h3 Nd7 26.Be3 h4 27.c4 bxc4 28.Rxc4 Rxc4 29.Bxc4 a5
30.Bb5 Rd8 31.Bxd7 Rxd7 32.Rd4 f5 33.b4 Rb7 34.Ka2 Bd8 35.Rc4 Kf7 36.Rc6 axb4
37.axb4 Rxb4 38.Rxd6 Bf6 39.Rb6 Rxb6 40.Bxb6 Ke7 41.Kb3 g5 42.Be3 gxf4 43.Bxf4  1/2-1/2

[Event "3rd Chinese Master Rapid Men"]
[Site "Shenzhen CHN"]
[Date "2013.07.30"]
[Round "2.4"]
[White "Hou Yifan"]
[Black "Wang Yue"]
[Result "1/2-1/2"]
[WhiteElo "2600"]
[BlackElo "2705"]

1.e4 c5 2.Nf3 e6 3.d4 cxd4 4.Nxd4 Nc6 5.Nc3 Qc7 6.g3 a6 7.Bg2 d6 8.O-O Bd7
9.Nxc6 Bxc6 10.a4 Nf6 11.a5 Be7 12.Be3 O-O 13.Bb6 Qc8 14.Re1 Nd7 15.Bd4 Qc7
16.Na4 Bxa4 17.Rxa4 Bf6 18.c3 Bxd4 19.Qxd4 Rac8 20.h3 Ne5 21.Rea1 Rfd8 22.Qe3 Qc5
23.Re1 Kf8 24.Qe2 Nc6 25.Kh2 g6 26.Qd2 h5 27.b4 Qb5 28.Ra2 Qe5 29.f4 Qf6
30.Qe3 Kg7 31.Rf2 d5 32.exd5 exd5 33.Qd2 d4 34.c4 d3 35.Bd5 Ne7 36.Qxd3 Nxd5
37.cxd5 Rc3 38.Qe4 Rdc8 39.Qe5 Rd3 40.Ree2 Rcc3 41.Rd2 Re3 42.Qxf6+ Kxf6
43.d6 Rcd3 44.Rxd3 Rxd3 45.Rc2 Rxd6 46.Rc7 b5 47.axb6 Rxb6 48.Ra7 Ke6 49.Kg2 f5
50.g4 hxg4 51.hxg4 Kd5 52.Kf3 Kc4 53.gxf5 gxf5 54.Rf7 Kxb4 55.Rxf5 a5 56.Rf8 a4
57.Ra8 a3 58.Kg4 Kb3 59.Kg5 a2 60.f5 Kb2 61.f6 Rxf6  1/2-1/2

[Event "VIII Vladimir Dvorkovich Open"]
[Site "Taganrog RUS"]
[Date "2013.07.30"]
[Round "9.7"]
[White "Kotenko,P"]
[Black "Sukhareva,E"]
[Result "1/2-1/2"]
[WhiteElo "2367"]
[BlackElo "2248"]

1.e4 c5 2.Nf3 e6 3.d4 cxd4 4.Nxd4 Nc6 5.Nc3 a6 6.Nxc6 bxc6 7.Bd3 d5 8.O-O Qc7
9.Re1 Bb7 10.Qf3 d4 11.Nb1 c5 12.Nd2 Nf6 13.Nc4 Nd7 14.Bd2 Be7 15.Qh3 O-O
16.f4 Rfe8 17.Rf1 Bf8 18.Rae1 Rac8 19.Rf2 f6 20.f5 exf5 21.Rxf5 g6 22.Ba5 Qc6
23.Rd5 f5 24.Bd2 Qe6 25.Rxd7 Qxd7 26.Nb6 Qc6 27.Nxc8 Bxc8 28.Bc4+ Kh8 29.exf5 Rxe1+
30.Bxe1 Bxf5 31.Qg3 Bg7 32.Qb8+ Qc8 33.Qxc8+ Bxc8 34.b3 Bf8 35.Kf2  1/2-1/2